00618nam a2200157 a 450000100100000000500170001000800410002704000250006808200080009311000610010124501240016226000420028630000380032870000540036670000400042000002429820220307131056.0110126s1983 dr a 000 0 spa d aDO-SdBNPbspacBNPHU axxx aDepartamento de bienestar social de la loteria nacional. 0a1er seminario juegos ilegales en dominicana. /ccordinación Dagoberto Tejeda Ortiz; presentación Fulgencio Espinal. aSanto Domingo :bAlfa & Omega,c1983. a238 p. :bil. , gráf. ;c22 cm.1 aTejeda Ortíz, Dagoberto, d1940-ecordinación1 aEspinal, Fulgencio,epresentación